00512nam a2200181Ia 450000500170000000800410001702000100005804000190006804100120008708200160009910000220011524500420013726000430017930000210022250400500024365000270029385000100032020230128091758.0131103s9999 xx 000 0 und d cRs.15 aLoreto College aEnglish a954.01bLAW aLaw,Narendra Nath aAge of the RigvedacNarendra Nath Law aCalcuttabFirma K.L.Mukhopadhyayc1965 avii,xvi,166,[4]  aIncludes index and bibliographical references aAncient Indian History aLCLIB